Mot mystérieux - Série 39 - Statistiques

Statistiques générales
  • Ce quiz a été pris 134 fois
  • Le résultat moyen est 5 sur 10
Statistiques - réponses
Indices Mot % Correct
cidre - vin - balsamique - mouche vinaigre
90%
gare - orfèvres - Branly - Conti quai
84%
réaction - chasse - ligne - billet avion
68%
or - voyage- Figaro - Cana noces
62%
beurre - coup - cuisine - gorge couteau
55%
sainteté - argent - transpiration - brûlé odeur
49%
cheval - grand'mère - miracle - remède
38%
sel - contradiction- équipe - saint esprit
29%
petit - couteau - garde - boire suisse
26%
honneur - café - manqué - vieux garçon
25%
Aucun quiz correspondant
Distribution des résultats
% des personnes avec chaque résultat
Percentile par nombre de réponses
Votre historique - résultats
Vous n’avez pas pris ce quiz